Gesammelte Abhandlungen III : (Record no. 249010)
[ view plain ]
| 000 -LEADER | |
|---|---|
| fixed length control field | 01789cam a22002533a 4500 |
| 001 - CONTROL NUMBER | |
| control field | 19755 |
| 003 - CONTROL NUMBER IDENTIFIER | |
| control field | PGUSA |
| 005 - DATE AND TIME OF LATEST TRANSACTION | |
| control field | 20140828083422.0 |
| 008 - FIXED-LENGTH DATA ELEMENTS--GENERAL INFORMATION | |
| fixed length control field | 061111s2006||||xxu|||||s|||||000 | eng d |
| 040 ## - CATALOGING SOURCE | |
| Original cataloging agency | PGUSA |
| Language of cataloging | eng |
| 042 ## - AUTHENTICATION CODE | |
| Authentication code | dc |
| 050 #4 - LIBRARY OF CONGRESS CALL NUMBER | |
| Classification number | HN |
| 050 #4 - LIBRARY OF CONGRESS CALL NUMBER | |
| Classification number | DD |
| 100 1# - MAIN ENTRY--PERSONAL NAME | |
| Personal name | Abbe, Ernst, |
| Dates associated with a name | 1840-1905 |
| 245 10 - TITLE STATEMENT | |
| Title | Gesammelte Abhandlungen III : |
| Remainder of title | Vorträge, Reden und Schriften sozialpolitischen und verwandten Inhalts |
| Medium | [electronic resource] / |
| Statement of responsibility, etc | Ernst Abbe |
| 260 ## - PUBLICATION, DISTRIBUTION, ETC. (IMPRINT) | |
| Name of publisher, distributor, etc | Project Gutenberg, |
| Date of publication, distribution, etc | 2006 |
| 505 0# - FORMATTED CONTENTS NOTE | |
| Formatted contents note | Welche sozialen Forderungen soll die Freisinnige Volkspartei in ihr Programm aufnehmen? (1894) -- Gedächtnisrede zur Feier des 50jährigen Bestehens der Optischen Werkstätte (1896) -- Über Gewinnbeteiligung der Arbeiter in der Großindustrie (1897) -- Über die Grundlagen der Lohnregelung in der Optischen Werkstätte (1897) -- Zur Frage der Sonderbesteuerung des Konsumvereins (1898) -- Die rechtswidrige Beschränkung der Versammlungsfreiheit im Großherzogtum Sachsen (1900) -- Die volkswirtschaftliche Bedeutung der Verkürzung des industriellen Arbeitstages (1901) -- Über die Aufgaben des Arbeiterausschusses (1902) -- Statut der Carl Zeiss-Stiftung zu Jena (Text der Neuredaktion von 1906 mit den Varianten der Ausgabe von 1896) nebst Ergänzungsstatut (1900) -- Motive und Erläuterungen zum Entwurf eines Statuts der Carl Zeiss-Stiftung (1895) -- Motive und Erläuterungen. Nachtrag zum zweiten Entwurf, Titel V (1896) -- Die Verfassung der Carl Zeiss-Stiftung. Erläuterungen zu Titel I und II des Stiftungsstatuts (1900) |
| 506 ## - RESTRICTIONS ON ACCESS NOTE | |
| Terms governing access | Public domain in the USA. |
| 516 ## - TYPE OF COMPUTER FILE OR DATA NOTE | |
| Type of computer file or data note | Electronic text |
| 653 ## - INDEX TERM--UNCONTROLLED | |
| Uncontrolled term | Germany -- Social policy -- History |
| 830 #0 - SERIES ADDED ENTRY--UNIFORM TITLE | |
| Uniform title | Project Gutenberg |
| Volume number/sequential designation | 19755 |
| 856 40 - ELECTRONIC LOCATION AND ACCESS | |
| Uniform Resource Identifier | <a href="http://www.gutenberg.org/ebooks/19755">http://www.gutenberg.org/ebooks/19755</a> |
| 942 ## - ADDED ENTRY ELEMENTS (KOHA) | |
| Koha item type | eBooks |
| Withdrawn status | Lost status | Damaged status | Home library | Current library | Date acquired | Total Checkouts | Date last seen | Price effective from | Koha item type |
|---|---|---|---|---|---|---|---|---|---|
| Project Gutenberg | Project Gutenberg | 08/28/2014 | 08/28/2014 | 08/28/2014 | eBooks |